MARC details
| 000 -LEADER |
| fixed length control field |
01352nam a2200241 a 4500 |
| 008 - FIXED-LENGTH DATA ELEMENTS--GENERAL INFORMATION |
| fixed length control field |
120416s1993 ||||||||||||||||| || u |
| 020 ## - INTERNATIONAL STANDARD BOOK NUMBER |
| International Standard Book Number |
1852932031 |
| 050 ## - LIBRARY OF CONGRESS CALL NUMBER |
| Classification number |
HD 75.6 Sus |
| 100 ## - MAIN ENTRY--PERSONAL NAME |
| Personal name |
Turner, R. Kerry |
| 245 10 - TITLE STATEMENT |
| Title |
Sustainable environmental economics and management: principles and management |
| Statement of responsibility, etc. |
edited by R. Kerry Turner |
| 260 ## - PUBLICATION, DISTRIBUTION, ETC. |
| Place of publication, distribution, etc. |
London: |
| Name of publisher, distributor, etc. |
Belhaven Press |
| Date of publication, distribution, etc. |
1993 |
| 300 ## - PHYSICAL DESCRIPTION |
| Extent |
(viii) 389p. : ill. |
| 350 ## - |
| -- |
0.00 |
| 650 #0 - SUBJECT ADDED ENTRY--TOPICAL TERM |
| Topical term or geographic name entry element |
ECONOMICS |
| 650 ## - SUBJECT ADDED ENTRY--TOPICAL TERM |
| Topical term or geographic name entry element |
SUSTAINABLE DEVELOPMENT--DEVELOPING COUNTRIES |
| 650 #0 - SUBJECT ADDED ENTRY--TOPICAL TERM |
| Topical term or geographic name entry element |
ENVIRONMENTAL POLICY--ECONOMIC ASPECTS |
| 650 #0 - SUBJECT ADDED ENTRY--TOPICAL TERM |
| Topical term or geographic name entry element |
ECONOMIC DEVELOPMENT--ENVIRONMENTAL ASPECTS |
| 650 ## - SUBJECT ADDED ENTRY--TOPICAL TERM |
| Topical term or geographic name entry element |
DEVELOPING COUNTRIES--ECONOMIC POLICY--ENVIRONMENTAL ASPECTS |
| 995 ## - |
| -- |
BINDERY (DAMAGED) |
| -- |
0.00 |
| -- |
725187 |
| -- |
CBU-MAIN LIBRARY (Kitwe) |
| -- |
3 |
| -- |
42.00 |
| -- |
HD 75.6 Sus |
| -- |
3 |
| -- |
DAMAGED |
| -- |
003994 |
| -- |
Main Library Open Access Collection |
| 995 ## - |
| -- |
ANNEX COLLECTION (Main Library) |
| -- |
0.00 |
| -- |
725186 |
| -- |
CBU-MAIN LIBRARY (Kitwe) |
| -- |
1 |
| -- |
42.00 |
| -- |
HD 75.6 Sus |
| -- |
2 |
| -- |
AVAILABLE |
| -- |
003993 |
| -- |
Annex Low-Usage Collection |
| 995 ## - |
| -- |
ANNEX COLLECTION (Main Library) |
| -- |
0.00 |
| -- |
737951 |
| -- |
CBU-MAIN LIBRARY (Kitwe) |
| -- |
1 |
| -- |
0.00 |
| -- |
HD 75.6 SUS |
| -- |
1 |
| -- |
AVAILABLE |
| -- |
Aug 27, 2007 |
| -- |
55577 |
| -- |
Annex Low-Usage Collection |
| 995 ## - |
| -- |
ANNEX COLLECTION (Main Library) |
| -- |
0.00 |
| -- |
725188 |
| -- |
CBU-MAIN LIBRARY (Kitwe) |
| -- |
4 |
| -- |
42.00 |
| -- |
HD 75.6 Sus |
| -- |
1 |
| -- |
AVAILABLE |
| -- |
003992 |
| -- |
Annex Low-Usage Collection |
| 999 ## - |
| -- |
80866 |
| -- |
80866 |